Geschichte der Herren von der Recke

Titel: Geschichte der Herren von der Recke / bearb. von einigen Gliedern der Familie, hrsg. von Constantin Graf von der Recke-Volmarstein ...
Beteiligt:
Ausgabe: Prachtausgabe
Veröffentlicht: Breslau : Köhler, 1878
Umfang: VIII, 436 S., 20 Taf., [7] Falttaf. : Ill., Kt.
Format: Buch
Sprache: Deutsch
Kein Bild verfügbar
X
Lokale Klassifikation: 3 4 D ; 44 4 D ; 6 4 D ; 14 4 D ; 2 R 1396
alg: 32736463
001A    $03004:13-08-13 
001B    $01999:09-06-23 $t20:57:08.000 
001D    $03004:13-08-13 
001U    $0utf8 
001X    $00 
002@    $0Aau 
003@    $0327364637 
007A    $0595502237 $aGBV 
010@    $ager 
011@    $a1878 
021A    $aGeschichte der Herren von der Recke $hbearb. von einigen Gliedern der Familie, hrsg. von Constantin Graf von der Recke-Volmarstein ... 
028C    $BHrsg. $7 $8Recke-Volmarstein, Constantin$cvon der [Tnu] $9327363991 
032@    $aPrachtausgabe 
033A    $pBreslau $nKöhler 
034D    $aVIII, 436 S., 20 Taf., [7] Falttaf. 
034M    $aIll., Kt. 
045F    $a929.0943 $eDDC23BSB 
045F/01 $a929 
045F/03 $g43 
045F/03 $g479 
045F/03 $g43832 
045F/03 $g4385 

lok: 32736463 24
101B    $013-08-13 $t11:08:54.000 
101C    $013-08-13 
101U    $0utf8 
145Z/01 $a3 4 D 
145Z/02 $a44 4 D 
145Z/03 $a6 4 D 
145Z/04 $a14 4 D 
145Z/05 $a2 R 1396 

exp: 32736463 24 1 #EPN
201B/01 $013-08-13 $t11:08:54.000 
201C/01 $013-08-13 
201U/01 $0utf8 
203@/01 $069937295X 
208@/01 $a13-08-13 $bz 
209A/01 $aR/ 13.05532 $dd $f050 $h13 05532 $x00 
209C/01 $a13.05532 G $h13 05532 G 
209G/01 $a73335078 $x00 
209G/01 $aRara $x01 
220C/01 $amar 
244Z/01 $#Reck  $#Reke $#Von der Recke $#Ryk $#Rück $7119440288 $8--Tp1--$PRecke$lFamilie$Z13. Jh.- $x01 $9087780011 
247C/01 $8358050-7 Marburg, Bibliothek des Herder-Instituts Marburg $9102600961
LEADER 00000cam a2200000 c 4500
001 327364637
003 DE-603
005 20230609205708.0
007 tu
008 130813s1878 xx |||| | u00||u|ger c
035 |a (DE-599)GBV595502237 
040 |a DE-603  |b ger  |c DE-603  |d DE-603 
041 |a ger 
082 0 4 |8 1\u  |a 929.0943  |q DE-101  |2 23/BSB 
085 |8 1\u  |b 929 
085 |8 1\u  |z 2  |s 43 
085 |8 1\u  |z 2  |s 479 
085 |8 1\u  |z 2  |s 43832 
085 |8 1\u  |z 2  |s 4385 
245 0 0 |a Geschichte der Herren von der Recke  |c bearb. von einigen Gliedern der Familie, hrsg. von Constantin Graf von der Recke-Volmarstein ... 
250 |a Prachtausgabe 
264 1 |a Breslau  |b Köhler  |c 1878 
300 |a VIII, 436 S., 20 Taf., [7] Falttaf.  |b Ill., Kt. 
700 1 |a Recke-Volmarstein, Constantin von der  |e Hrsg.  |4 edt  |0 (DE-603)327363991 
924 0 |9 Mb 50  |a (DE-603)69937295X  |b DE-Mb50  |c HES  |d d  |g R/ 13.05532  |h Rara